000 01188naa a22003257a 4500
001 BR6010213
003 BR-BrBNA
005 20240918173156.0
007 ta
008 230509b bl.||||| |||| 00| 0 por d
040 _aBR-BrBNA
_bpor
_cBiblioteca Nacional de Agricultura
041 _a(Pt)
072 _aK50; K20
_b8901
_b8911
_b8910
_bG514
090 _aK50 BR6010213
100 1 _aSouza, P.F.
111 1 _a3. Simposio Florestal de Minas Gerais
_cVicosa, MG (Brazil)
_d17 Sep 1968
245 1 _aSintese das industrias florestais [Madeira; Papel; Compensado; Brasil]
260 3 _aVicosa, MG (Brasil):
_c1968.
500 _aAnais do 3. Simposio Florestal de Minas Gerais. Pesquisas e Industrias Florestais Vicosa, MG (Brasil): 1968. p. 31-41 (BR6010213-AM)K50
650 _aIndustria florestal
650 _aAdministracao florestal
650 _aMadeira
650 _aPapel
650 _aCompensado
650 _aMao-de-obra
650 _aInvestimento
773 0 _tAnais do 3. Simposio Florestal de Minas Gerais. Pesquisas e Industrias Florestais
_wK50 BR6010213
_gVicosa, MG (Brasil), 1968. p. 31-41
909 _a202404
_bLucia
_c55
_dLucia Elande
942 _cAM
_2AGRIS
999 _c303294
_d303294